000 00647nam a2200241 i 4500
001 C2-0168367
003 PPAK
005 20180728090817.0
008 980716s1993 xx a|||| ||||| | may d
040 _aPPAK
_beng
_cPPAK
_erda
082 0 4 _a930.1
_2 23
090 0 0 _a930.1
_bAJA
_dKK
100 0 _aA. Jalil Miran,
_eauthor
245 1 0 _aBarang purba di dasar sungai
264 1 _c1993
300 _a4 pages :
_billustrations ;
_c22 cm
336 _2rdacontent
_atext
337 _2rdamedia
_aunmediated
338 _2rdacarrier
_avolume
500 _aArtikel dalam majalah variasari April 1993
650 1 0 _aArcheologry
942 _ddc
_cB
999 _c152522
_d152522